[Event "FRA-ch Seniors"]
[Site "Nancy"]
[Date "2013.08.22"]
[Round "10"]
[White "Dubreuil, Remy"]
[Black "Rosenfeld, Imre"]
[Result "1/2-1/2"]
[WhiteElo "1817"]
[BlackElo "1896"]
[PlyCount "26"]
[EventDate "2013.08.11"]
[EventType "swiss"]
[EventRounds "11"]
[EventCountry "FRA"]
[SourceTitle "CBM 156 Extra"]
[Source "ChessBase"]
[SourceDate "2013.10.22"]
[SourceVersion "1"]
[SourceVersionDate "2013.10.22"]
[SourceQuality "1"]

1. d4 d5 2. c4 c6 3. Nf3 Nf6 4. Bg5 e6 5. e3 Be7 6. Nc3 0-0 7. cxd5 cxd5 8. Rc1 b6 9. Nb5 Bb4+ 10. Nc3 Be7 11. Nb5 Bb4+ 12. Nc3 Be7 13. Nb5 Bb4+ 1/2-1/2

[Event "FRA-ch Seniors"]
[Site "Nancy"]
[Date "2013.08.20"]
[Round "8"]
[White "Guillaumat, Jean Pierre"]
[Black "Rosenfeld, Imre"]
[Result "1/2-1/2"]
[WhiteElo "1863"]
[BlackElo "1896"]
[PlyCount "88"]
[EventDate "2013.08.11"]
[EventType "swiss"]
[EventRounds "11"]
[EventCountry "FRA"]
[SourceTitle "CBM 156 Extra"]
[Source "ChessBase"]
[SourceDate "2013.10.22"]
[SourceVersion "1"]
[SourceVersionDate "2013.10.22"]
[SourceQuality "1"]

1. d4 d5 2. Nf3 Nf6 3. Bf4 e6 4. e3 Bd6 5. Bg3 0-0 6. c4 c6 7. Nbd2 b6 8. Bd3 Bb7 9. Rc1 Re8 10. 0-0 Bxg3 11. hxg3 Nbd7 12. Bb1 Rc8 13. Qc2 Nf8 14. Rfd1 Qe7 15. Qa4 Ba8 16. c5 b5 17. Qc2 N6d7 18. b4 f5 19. Ne5 Bb7 20. Ndf3 Ra8 21. a4 a6 22. a5 Nf6 23. Qe2 N8d7 24. Bd3 Rad8 25. Kf1 Ne4 26. Nxd7 Qxd7 27. Ne5 Qc7 28. Qh5 g6 29. Qh3 Ng5 30. Qh4 Nf7 31. f4 Nxe5 32. fxe5 Qe7 33. Ke2 Bc8 34. Qh6 Qg7 35. Rh1 Qxh6 36. Rxh6 Re7 37. Rch1 Rf8 38. Kf3 Bd7 39. Kf4 Rg7 40. Kg5 Be8 41. Rf1 Bd7 42. Kf4 Rgf7 43. Be2 Rg7 44. Kf3 Be8 1/2-1/2

[Event "FRA-ch Seniors"]
[Site "Caen"]
[Date "2011.08.21"]
[Round "6"]
[White "Zurano, Alberto"]
[Black "Rosenfeld, Imre"]
[Result "1/2-1/2"]
[WhiteElo "1817"]
[BlackElo "1905"]
[PlyCount "43"]
[EventDate "2011.08.16"]
[EventType "swiss"]
[EventRounds "11"]
[EventCountry "FRA"]
[SourceTitle "CBM 144 Extra"]
[Source "ChessBase"]
[SourceDate "2011.10.28"]
[SourceVersion "1"]
[SourceVersionDate "2011.10.28"]
[SourceQuality "1"]

1. e4 c6 2. d4 d5 3. Nc3 dxe4 4. Nxe4 Bf5 5. Ng3 Bg6 6. h4 h6 7. h5 Bh7 8. Nf3 Nd7 9. Bd3 Bxd3 10. Qxd3 e6 11. Bd2 Qc7 12. 0-0-0 Ngf6 13. Ne4 Nxe4 14. Qxe4 Bd6 15. g3 0-0-0 16. c4 c5 17. Qe2 Rhe8 18. Bc3 Bf8 19. Ne5 Nxe5 20. dxe5 Qc6 21. b3 Kc7 22. Rhe1 1/2-1/2

[Event "FRA-ch Seniors"]
[Site "Caen"]
[Date "2011.08.18"]
[Round "3"]
[White "Rosenfeld, Imre"]
[Black "Negre Moret, Albert"]
[Result "1/2-1/2"]
[WhiteElo "1905"]
[BlackElo "2103"]
[PlyCount "133"]
[EventDate "2011.08.16"]
[EventType "swiss"]
[EventRounds "11"]
[EventCountry "FRA"]
[SourceTitle "CBM 144 Extra"]
[Source "ChessBase"]
[SourceDate "2011.10.28"]
[SourceVersion "1"]
[SourceVersionDate "2011.10.28"]
[SourceQuality "1"]

1. d4 Nf6 2. Nf3 g6 3. Bg5 Bg7 4. Nbd2 0-0 5. c3 d6 6. e4 Nbd7 7. Be2 e5 8. dxe5 Nxe5 9. Nxe5 dxe5 10. Qc2 c6 11. 0-0 Qc7 12. Rad1 Be6 13. Bc4 Rfe8 14. Bxe6 Rxe6 15. Bxf6 Rxf6 16. Nf3 Rd6 17. Rxd6 Qxd6 18. Rd1 Qe6 19. b3 Re8 20. Qd3 Bf6 21. Qd7 Rd8 22. Qxd8+ Bxd8 23. Rxd8+ Kg7 24. h3 Qe7 25. Rd2 a5 26. Kf1 Kf6 27. Ke2 h6 28. Ne1 Qc5 29. c4 b5 30. cxb5 Qxb5+ 31. Kd1 a4 32. Rd3 Qb4 33. f3 Qa3 34. bxa4 Qxa4+ 35. Nc2 Qxa2 36. Rd6+ Kg5 37. Rxc6 Qb1+ 38. Kd2 Qg1 39. Ne3 h5 40. Ke2 h4 41. Rd6 f5 42. exf5 gxf5 43. Rd1 Qh2 44. Kf2 Qg3+ 45. Kg1 e4 46. Nf1 Qe5 47. fxe4 fxe4 48. Nh2 Qc5+ 49. Kf1 Kf4 50. Re1 Qc4+ 51. Kg1 Qd4+ 52. Kh1 Qc3 53. Rf1+ Ke3 54. Ng4+ Ke2 55. Rf7 Qb4 56. Kh2 Qe1 57. Rf5 Kd3 58. Rf7 Qb4 59. Rf5 Kd2 60. Rf7 Qd6+ 61. Kh1 e3 62. Nxe3 Kxe3 63. Rf3+ Ke2 64. Rf7 Qe5 65. Rf3 Qa1+ 66. Kh2 Qe1 67. Rf7 1/2-1/2

[Event "EU-ch 12th"]
[Site "Aix les Bains"]
[Date "2011.03.31"]
[Round "9"]
[White "Pavlidis, Anastasios"]
[Black "Rosenfeld, Imre"]
[Result "1-0"]
[WhiteElo "2321"]
[BlackElo "1886"]
[PlyCount "81"]
[EventDate "2011.03.22"]
[EventType "swiss"]
[EventRounds "11"]
[EventCountry "FRA"]
[SourceTitle "CBM 142 Extra"]
[Source "ChessBase"]
[SourceDate "2011.06.27"]
[SourceVersion "1"]
[SourceVersionDate "2011.06.27"]
[SourceQuality "1"]

1. e4 c6 2. d4 d5 3. Nc3 dxe4 4. Nxe4 Bf5 5. Ng3 Bg6 6. h4 h6 7. Nf3 Nd7 8. h5 Bh7 9. Bd3 Bxd3 10. Qxd3 e6 11. Bf4 Ngf6 12. 0-0-0 Be7 13. Ne4 Nxe4 14. Qxe4 Nf6 15. Qe2 Qd5 16. c4 Qe4 17. Qxe4 Nxe4 18. Be3 Nd6 19. b3 Nf5 20. Bf4 Bf6 21. d5 cxd5 22. cxd5 exd5 23. Rhe1+ Ne7 24. Rxd5 Rc8+ 25. Kb1 Rd8 26. Rd6 Rxd6 27. Bxd6 Kd7 28. Bxe7 Bxe7 29. Ne5+ Ke8 30. Rc1 Bd8 31. Rc8 Ke7 32. Ra8 Ke6 33. Nd3 g6 34. Nc5+ Kf5 35. Nxb7 Bf6 36. Rxa7 gxh5 37. Nd6+ Kg6 38. f4 h4 39. Ra6 Kg7 40. Nf5+ Kg6 41. Nxh4+ 1-0

[Event "EU-ch 12th"]
[Site "Aix les Bains"]
[Date "2011.03.23"]
[Round "2"]
[White "Rosenfeld, Imre"]
[Black "Stanciu, Alexandru Ovidiu"]
[Result "0-1"]
[WhiteElo "1886"]
[BlackElo "2308"]
[PlyCount "76"]
[EventDate "2011.03.22"]
[EventType "swiss"]
[EventRounds "11"]
[EventCountry "FRA"]
[SourceTitle "CBM 142 Extra"]
[Source "ChessBase"]
[SourceDate "2011.06.27"]
[SourceVersion "1"]
[SourceVersionDate "2011.06.27"]
[SourceQuality "1"]

1. d4 Nf6 2. Nf3 c5 3. e3 g6 4. dxc5 Qa5+ 5. c3 Qxc5 6. Be2 Bg7 7. 0-0 0-0 8. Qc2 d5 9. Nbd2 Nc6 10. e4 Rd8 11. Nb3 Qb6 12. exd5 Nxd5 13. Bd2 Bf5 14. Qc1 Rac8 15. Bh6 Bf6 16. Bg5 Bh8 17. Bh6 a5 18. Nbd2 Qc7 19. Nc4 Be6 20. Rd1 a4 21. a3 b5 22. Ne3 Qb7 23. Nxd5 Bxd5 24. Qe3 Na5 25. Ne1 e6 26. Bf3 Nc4 27. Qe2 e5 28. Bxd5 Rxd5 29. Rxd5 Qxd5 30. Rd1 Qe6 31. Bc1 e4 32. Nc2 f5 33. Ne3 Nd6 34. Nc2 Be5 35. Nd4 Qc4 36. Qe3 f4 37. Qh3 Bxd4 38. cxd4 Qxc1 0-1

[Event "FRA-ch Veterans"]
[Site "Belfort"]
[Date "2010.??.??"]
[Round "11"]
[White "Fallet, Didier"]
[Black "Rosenfeld, Imre"]
[Result "1/2-1/2"]
[WhiteElo "2000"]
[BlackElo "1866"]
[PlyCount "49"]
[EventDate "2010.08.10"]
[EventType "swiss"]
[EventRounds "11"]
[EventCountry "FRA"]
[SourceTitle "CBM 138 Extra"]
[Source "ChessBase"]
[SourceDate "2010.10.29"]
[SourceVersion "1"]
[SourceVersionDate "2010.10.29"]
[SourceQuality "1"]

1. c4 b6 2. d4 Bb7 3. Nc3 e6 4. e4 Bb4 5. Bd3 Nf6 6. Qe2 d6 7. Nf3 Nbd7 8. 0-0 Bxc3 9. bxc3 e5 10. Ba3 c5 11. Rad1 Qe7 12. Rfe1 Nf8 13. Bc2 Bc6 14. Nh4 g6 15. f4 Nh5 16. fxe5 dxe5 17. Nf3 Nd7 18. Bc1 h6 19. dxe5 Nxe5 20. Rd5 Nxf3+ 21. Qxf3 Bxd5 22. cxd5 Qf6 23. Ba4+ Kf8 24. Qe3 Qe5 25. Rf1 1/2-1/2

[Event "FRA-ch Veterans"]
[Site "Pau"]
[Date "2008.08.14"]
[Round "3"]
[White "Rosenfeld, Imre"]
[Black "Demange, Jean"]
[Result "0-1"]
[WhiteElo "1961"]
[BlackElo "1807"]
[PlyCount "74"]
[EventDate "2008.08.11"]
[EventType "swiss"]
[EventRounds "9"]
[EventCountry "FRA"]
[SourceTitle "CBM 126 Extra"]
[Source "ChessBase"]
[SourceDate "2008.11.05"]
[SourceVersion "1"]
[SourceVersionDate "2008.11.05"]
[SourceQuality "1"]

1. d4 e6 2. Nf3 Nf6 3. e3 b6 4. Bd3 Bb7 5. Nbd2 c5 6. c3 Be7 7. 0-0 0-0 8. e4 d6 9. a3 Nbd7 10. Qe2 Re8 11. e5 dxe5 12. dxe5 Nd5 13. Ne4 f5 14. exf6 N5xf6 15. Bf4 Nxe4 16. Bxe4 Bxe4 17. Qxe4 Nf8 18. Rad1 Qc8 19. Bg5 Bxg5 20. Nxg5 h6 21. Nf3 Re7 22. Ne5 Qe8 23. h3 Rc8 24. Rd3 Nd7 25. Ng6 Rf7 26. Rfd1 Nf6 27. Qe1 Nd5 28. c4 Nf4 29. Nxf4 Rxf4 30. Rd7 Rf7 31. R7d6 Re7 32. Qe5 Qf7 33. Re1 Rce8 34. Kf1 Qf6 35. Qe2 Qf4 36. Rxe6 Rxe6 37. Qxe6+ Rxe6 0-1

[Event "FRA-ch Seniors"]
[Site "Aix les Bains"]
[Date "2007.08.25"]
[Round "11"]
[White "Molet, Asher"]
[Black "Rosenfeld, Imre"]
[Result "1/2-1/2"]
[WhiteElo "1924"]
[BlackElo "2026"]
[PlyCount "52"]
[EventDate "2007.08.13"]
[EventType "swiss"]
[EventRounds "11"]
[EventCountry "FRA"]
[SourceTitle "CBM 120 Extra"]
[Source "ChessBase"]
[SourceDate "2007.11.01"]
[SourceVersion "1"]
[SourceVersionDate "2007.11.01"]
[SourceQuality "1"]

1. d4 d5 2. Nf3 Nf6 3. Bf4 c6 4. e3 Bf5 5. Bd3 Bxd3 6. cxd3 e6 7. 0-0 Nbd7 8. h3 Be7 9. Nbd2 0-0 10. Rc1 Rc8 11. Nb3 Qb6 12. Rc2 Bd8 13. Qd2 Bc7 14. Bxc7 Qxc7 15. Rfc1 e5 16. dxe5 Nxe5 17. Nxe5 Qxe5 18. Qc3 Qxc3 19. Rxc3 Ne8 20. Nd4 Nd6 21. b4 a6 22. a4 Rfe8 23. g4 g6 24. Kg2 Kf8 25. Kg3 h6 26. h4 Ke7 1/2-1/2

[Event "FRA-ch Seniors"]
[Site "Aix les Bains"]
[Date "2007.08.16"]
[Round "3"]
[White "Rosenfeld, Imre"]
[Black "Olivier, Jean"]
[Result "1-0"]
[WhiteElo "2026"]
[BlackElo "1853"]
[PlyCount "65"]
[EventDate "2007.08.13"]
[EventType "swiss"]
[EventRounds "11"]
[EventCountry "FRA"]
[SourceTitle "CBM 120 Extra"]
[Source "ChessBase"]
[SourceDate "2007.11.01"]
[SourceVersion "1"]
[SourceVersionDate "2007.11.01"]
[SourceQuality "1"]

1. d4 f5 2. Bg5 g6 3. Nf3 Bg7 4. c3 Nf6 5. Qc2 0-0 6. h4 d5 7. Ne5 Nbd7 8. Bf4 Nxe5 9. Bxe5 Nh5 10. Bxg7 Nxg7 11. Nd2 c6 12. Nf3 Bd7 13. Ne5 Be8 14. e3 e6 15. g3 Nh5 16. Be2 Nf6 17. 0-0 Nd7 18. Nd3 Qe7 19. c4 Bf7 20. cxd5 exd5 21. b4 a6 22. Nc5 Nxc5 23. bxc5 Rab8 24. Rab1 Be6 25. Rb6 Qc7 26. Rfb1 Kg7 27. Qb3 Kh6 28. Bxa6 Bc8 29. Bxb7 Bxb7 30. Rxb7 Rxb7 31. Qxb7 Qa5 32. Qe7 Qd8 33. Qxd8 1-0

[Event "Rhone op"]
[Site "Marcy Etoile"]
[Date "2007.04.05"]
[Round "6"]
[White "Rosenfeld, Imre"]
[Black "Gomez Jurado, Luis Alberto"]
[Result "0-1"]
[WhiteElo "2038"]
[BlackElo "2289"]
[PlyCount "96"]
[EventDate "2007.04.01"]
[EventType "swiss"]
[EventRounds "9"]
[EventCountry "FRA"]
[SourceTitle "CBM 117 Extra"]
[Source "ChessBase"]
[SourceDate "2007.05.09"]
[SourceVersion "1"]
[SourceVersionDate "2007.05.09"]
[SourceQuality "1"]

1. d4 Nf6 2. Nf3 c5 3. e3 g6 4. Bd3 Bg7 5. 0-0 0-0 6. c3 b6 7. Nbd2 Bb7 8. b3 d6 9. Bb2 Nbd7 10. c4 e5 11. dxe5 dxe5 12. Qc2 Qe7 13. e4 Nh5 14. g3 Rad8 15. Rad1 Nb8 16. Nb1 Nc6 17. a3 Nd4 18. Nxd4 cxd4 19. Be2 f5 20. f3 Nf6 21. Nd2 fxe4 22. Nxe4 Nxe4 23. fxe4 Bh6 24. Rxf8+ Rxf8 25. Rf1 Be3+ 26. Kg2 Rxf1 27. Bxf1 Qf6 28. Bd3 Bc8 29. Qe2 Qe6 30. Qf1 Qh3+ 31. Kh1 Qxf1+ 32. Bxf1 Bg5 33. Kg2 Bd7 34. b4 Ba4 35. c5 bxc5 36. bxc5 Kf7 37. Bc4+ Ke7 38. Kf3 Bh6 39. Bd5 d3 40. Bc4 d2 41. Be2 d1Q 42. Bxd1 Bxd1+ 43. Kf2 Ba4 44. Bxe5 Ke6 45. Bf4 Bg7 46. Be3 a6 47. Kf3 Bb2 48. Kf4 Bxa3 0-1

[Event "Muret Veterans op"]
[Site "Muret"]
[Date "2006.06.16"]
[Round "5"]
[White "Rosenfeld, Imre"]
[Black "Lecoultre, Patrick"]
[Result "1-0"]
[WhiteElo "2046"]
[BlackElo "1750"]
[PlyCount "76"]
[EventDate "2006.06.12"]
[EventType "swiss"]
[EventRounds "7"]
[EventCountry "FRA"]
[SourceTitle "EXT 2008"]
[Source "ChessBase"]
[SourceDate "2007.11.25"]
[SourceVersion "1"]
[SourceVersionDate "2007.11.25"]
[SourceQuality "1"]

1. d4 Nf6 2. Nf3 g6 3. Nbd2 Bg7 4. c3 d5 5. e3 0-0 6. Be2 b6 7. 0-0 Ba6 8. c4 c5 9. dxc5 bxc5 10. cxd5 Nxd5 11. Nc4 Nb6 12. Qc2 Nc6 13. a3 Qd5 14. Rd1 Qe6 15. Nxb6 axb6 16. Bxa6 Rxa6 17. Bd2 Na5 18. Bc3 c4 19. Bxg7 Kxg7 20. Nd4 Qc8 21. Qc3 Kg8 22. Rac1 e5 23. Nf3 f6 24. Rd6 b5 25. Rcd1 Rxd6 26. Rxd6 Qc7 27. Qd2 Kh8 28. Qd5 c3 29. bxc3 Qxc3 30. h3 Qc4 31. Qd1 Qc7 32. Rd7 Qc6 33. Nh4 Nc4 34. Ra7 Ra8 35. Rxa8+ Qxa8 36. Qd7 Qf8 37. Qxb5 Nxa3 38. Qb3 Qe8 1-0

[Event "Wch Seniors 15th"]
[Site "Lignano Sabbiadoro"]
[Date "2005.10.09"]
[Round "11"]
[White "Rosenfeld, Imre"]
[Black "Smits, Oswald"]
[Result "1-0"]
[WhiteElo "2047"]
[BlackElo "1962"]
[PlyCount "75"]
[EventDate "2005.09.28"]
[EventType "swiss"]
[EventRounds "11"]
[EventCountry "ITA"]
[SourceTitle "CBM 108 Extra"]
[Source "ChessBase"]
[SourceDate "2005.11.04"]
[SourceVersion "1"]
[SourceVersionDate "2005.11.04"]
[SourceQuality "1"]

1. d4 g6 2. Nf3 Nf6 3. Bg5 Bg7 4. Nbd2 0-0 5. c3 d6 6. e4 h6 7. Bh4 Nbd7 8. Qc2 Qe8 9. Bc4 e5 10. dxe5 Nxe5 11. Nxe5 Qxe5 12. 0-0 Qe8 13. f4 b6 14. Rae1 Bb7 15. Bxf6 Bxf6 16. e5 Qc6 17. Re2 d5 18. Bd3 Be7 19. Nf3 Bc5+ 20. Kh1 Kh8 21. g4 Be7 22. Nd4 Qe8 23. f5 c5 24. Bb5 Qc8 25. f6 Bxf6 26. exf6 cxd4 27. Qd2 Kh7 28. cxd4 Ba6 29. Bxa6 Qxa6 30. Rfe1 b5 31. Qf4 Rac8 32. Re3 Rc6 33. Rh3 h5 34. Rf1 Rh8 35. Rxh5+ gxh5 36. Qg5 Rxf6 37. Rxf6 Rg8 38. Qxh5+ 1-0

[Event "FRA-ch Seniors"]
[Site "Chartres"]
[Date "2005.08.25"]
[Round "9"]
[White "Rosenfeld, Imre"]
[Black "Labarthe, Arnaud"]
[Result "1-0"]
[WhiteElo "2047"]
[BlackElo "2029"]
[PlyCount "124"]
[EventDate "2005.08.15"]
[EventType "swiss"]
[EventRounds "10"]
[EventCountry "FRA"]
[SourceTitle "EXT 2006"]
[Source "ChessBase"]
[SourceDate "2005.11.24"]
[SourceVersion "1"]
[SourceVersionDate "2005.11.24"]
[SourceQuality "1"]

1. d4 Nc6 2. Nf3 d5 3. e3 Bg4 4. Bb5 a6 5. Bxc6+ bxc6 6. c4 f6 7. Nc3 e6 8. Qa4 Qd7 9. Nd2 Nh6 10. 0-0 Bh5 11. e4 Bf7 12. Re1 Be7 13. Nf3 dxc4 14. Qxc4 0-0 15. Be3 Ng4 16. Rac1 Nxe3 17. Rxe3 Rfb8 18. Nd1 c5 19. d5 exd5 20. exd5 Rb4 21. Qd3 Bg6 22. Qe2 Bd6 23. Nc3 Re8 24. Rxe8+ Qxe8 25. b3 Qxe2 26. Nxe2 Bh5 27. Kf1 Bg6 28. g3 Be4 29. Nd2 Bxd5 30. Nc4 Be6 31. Ke1 Kf7 32. Kd2 g5 33. f3 Rb8 34. Ke3 Re8 35. Kf2 Bd7 36. Rd1 Bb5 37. Nc3 Bxc4 38. bxc4 Rb8 39. Ne4 Rb2+ 40. Rd2 Rxd2+ 41. Nxd2 f5 42. h3 Kf6 43. Nb3 Be5 44. Na5 Bd4+ 45. Kg2 Ke5 46. Nb3 Kd6 47. Na5 c6 48. g4 f4 49. Kf1 Kc7 50. Ke2 Kb6 51. Nb3 a5 52. a4 Bc3 53. Kd3 Be1 54. Ke4 Kc7 55. Kf5 Kd6 56. Kxg5 Ke5 57. h4 Bc3 58. Kh6 Be1 59. h5 Kf6 60. Kxh7 Kg5 61. Nxc5 Kf6 62. Kg8 Bd2 1-0

[Event "FRA-ch Seniors"]
[Site "Chartres"]
[Date "2005.08.17"]
[Round "2"]
[White "Rosenfeld, Imre"]
[Black "Le Coz, Yannick"]
[Result "1-0"]
[WhiteElo "2047"]
[BlackElo "1888"]
[PlyCount "127"]
[EventDate "2005.08.15"]
[EventType "swiss"]
[EventRounds "10"]
[EventCountry "FRA"]
[SourceTitle "EXT 2006"]
[Source "ChessBase"]
[SourceDate "2005.11.24"]
[SourceVersion "1"]
[SourceVersionDate "2005.11.24"]
[SourceQuality "1"]

1. d4 d5 2. Nf3 Nf6 3. Bg5 g6 4. Nbd2 Bg7 5. e3 0-0 6. Bd3 Nc6 7. c3 Qe8 8. Bf4 Qd7 9. Bb5 Ne8 10. 0-0 Nd6 11. Ba4 b5 12. Bb3 e6 13. Re1 Bb7 14. Bc2 Ne7 15. Ne5 Qc8 16. b4 f6 17. Nd3 Nf7 18. h3 e5 19. Bh2 e4 20. Nc5 Nf5 21. Ndb3 Bc6 22. Na5 Bd7 23. Qe2 a6 24. a4 c6 25. axb5 axb5 26. Ra2 Qe8 27. Rea1 Qe7 28. Bd1 Rfc8 29. Nab3 Rxa2 30. Qxa2 Qe8 31. Qa7 Be6 32. Ra6 N5d6 33. Na5 Nc4 34. Nxc4 dxc4 35. Qb7 f5 36. Ra7 Bf8 37. g4 Bxc5 38. bxc5 fxg4 39. hxg4 g5 40. Kg2 Kg7 41. Be5+ Kh6 42. Bc2 Bd5 43. Bg3 Qe6 44. Bd1 Re8 45. Be2 Qg6 46. Qd7 Nh8 47. Be5 Rg8 48. Ra1 Qf7 49. Qd6+ Qe6 50. Qxe6+ Bxe6 51. Bxh8 Rxh8 52. f3 exf3+ 53. Bxf3 Rc8 54. Ra6 Kg7 55. Rxc6 Rxc6 56. Bxc6 Bxg4 57. Bxb5 Bc8 58. d5 Kf6 59. d6 Ke6 60. Bxc4+ Ke5 61. Bb5 Bb7+ 62. c6 Bxc6+ 63. Bxc6 Kxd6 64. Bf3 1-0

[Event "St Chely d'Aubrac op 5th"]
[Site "St Chely d'Aubrac"]
[Date "2005.07.14"]
[Round "7"]
[White "Lagunes, Robin"]
[Black "Rosenfeld, Imre"]
[Result "1/2-1/2"]
[WhiteElo "1560"]
[BlackElo "2047"]
[PlyCount "37"]
[EventDate "2005.07.09"]
[EventType "swiss"]
[EventRounds "9"]
[EventCountry "FRA"]
[SourceTitle "CBM 107 Extra"]
[Source "ChessBase"]
[SourceDate "2005.09.01"]
[SourceVersion "1"]
[SourceVersionDate "2005.09.01"]
[SourceQuality "1"]

1. d4 e6 2. c4 d5 3. Nc3 Nf6 4. Bg5 Nbd7 5. cxd5 exd5 6. Nf3 c6 7. e3 Be7 8. Bd3 0-0 9. Qc2 Re8 10. 0-0 Nf8 11. Rac1 Ng6 12. Ne5 Ne4 13. Bxe7 Qxe7 14. Nxg6 hxg6 15. Nxe4 dxe4 16. Bc4 Be6 17. Qxe4 Qd6 18. Bxe6 Rxe6 19. Qc2 1/2-1/2